| 000 | 00639nam a2200229Ia 4500 | ||
|---|---|---|---|
| 003 | OSt | ||
| 005 | 20220928113913.0 | ||
| 006 | a|||||r|||| 00| 0 | ||
| 007 | ta | ||
| 008 | 220927b |||||||| |||| 00| 0 eng d | ||
| 024 | _a56314 | ||
| 037 | _cTextual | ||
| 040 |
_aSDCL _cSDCL _beng |
||
| 041 |
_2eng _aeng |
||
| 082 | _aY72.275'N8, M5 | ||
| 100 |
_aBose Pradip Kumar _9435722 |
||
| 245 | 0 | _aClasses and class relations amog tribals of Bengal. | |
| 260 |
_aDelhi _bAjanta Publications _c1985 |
||
| 300 |
_aviii,132p _ccm. |
||
| 942 |
_hY72.275'N8, M5 _cTEXL _2CC |
||
| 999 |
_c751873 _d751873 |
||